000 01194nam a22002411a 4500
003 OSt
005 20150408114029.0
008 120507s2012 jo ao g b 00| 0 ara d
020 _a9789957167646
040 _aعمادة شؤون المكتبات في جامعة المجمعة
082 0 4 _221
_a362.4
_bم خ أ
100 1 _aالمعايطة، خليل عبد الرحمن.
_912455
245 1 0 _aأساسيات التأهيل المهني والرعاية لذوي الاحتياجات الخاصة =
_b / Principals of vocational rehabilitation and for people of special needs
_cخليل عبد الرحمن المعايطة، مصطفى نوري القمش.
246 3 1 _aPrincipals of vocational rehabilitation and for people of special needs
250 _aط. 1.
260 _aعمان، الأردن :
_bدار الثقافة للنشر والتوزيع،
_c2012
300 _a376 ص. :
_bجداول، رسوم، صور ؛
_c24 سم.
504 _aببلوجرافية : ص. 363-376.
650 7 _2aucsh
_aالمعوقون
_xرعاية
650 7 _2aucsh
_aالمعوقون
_xإعادة تأهيل
_911709
700 1 _aالقمش، مصطفى نوري
_912444
942 _2ddc
_cBOOK
999 _c22625
_d257125